00597 2200205 4500001002100000005001700021008004100038020001800079035002400097082001100121090002300132100002100155245007000176250001100246260004600257300002500303650002700328700001500355999002100370YOGYA-0411000000184720110421090343.0 ind  a979-8681-34-7 0010-041100000001847 a808.83 a808.83bTra TlDEP aTRANGGONO, Indra aSang terdakwabkumpulan cerpencIndra Tranggonodeditor Agus Noor aCet. 1 aYogyakartabYayasan untuk Indonesiac2000 axiiib127 hlmc21 cm aCerita pendek-kumpulan aNoor, Agus aCB-D.11 2000-420